Control total de la calidad / (Record no. 175869)
[ view plain ]
| 000 -CABECERA | |
|---|---|
| campo de control de longitud fija | 04423nam a2200361 a 4500 |
| 001 - NÚMERO DE CONTROL | |
| campo de control | dia_5046 |
| 003 - IDENTIFICADOR DEL NÚMERO DE CONTROL | |
| campo de control | CHAP |
| 005 - FECHA Y HORA DE LA ÚLTIMA TRANSACCIÓN | |
| campo de control | 20250624124614.0 |
| 007 - CAMPO FIJO DE DESCRIPCIÓN FÍSICA--INFORMACIÓN GENERAL | |
| campo de control de longitud fija | ta |
| 008 - DATOS DE LONGITUD FIJA--INFORMACIÓN GENERAL | |
| campo de control de longitud fija | 220117s2007 mx ado fr 001 0 spa d |
| 010 ## - NÚMERO DE CONTROL DE LA BIBLIOTECA DEL CONGRESO | |
| Número de control de LC | 175869 |
| 020 ## - NÚMERO INTERNACIONAL ESTÁNDAR DEL LIBRO | |
| Número Internacional Estándar del Libro | 978-968-26-1258-9 |
| 020 ## - NÚMERO INTERNACIONAL ESTÁNDAR DEL LIBRO | |
| Número Internacional Estándar del Libro | 968-26-1258-6 |
| 040 ## - FUENTE DE LA CATALOGACIÓN | |
| Centro/agencia transcriptor | CHAP |
| Centro catalogador/agencia de origen | mxchpua |
| Normas de descripción | rda |
| 050 1# - SIGNATURA TOPOGRÁFICA DE LA BIBLIOTECA DEL CONGRESO | |
| Número de clasificación | TS159 |
| Número de documento/Ítem | .F45 2007 |
| 082 ## - NÚMERO DE LA CLASIFICACIÓN DECIMAL DEWEY | |
| Número de edición | 20 |
| Número de clasificación | 664.07 |
| Número de documento/Ítem | F45 2007 |
| 100 1# - ENTRADA PRINCIPAL--NOMBRE DE PERSONA | |
| Nombre de persona | Feigenbaum, Armand V. |
| 9 (RLIN) | 39965 |
| 240 10 - TÍTULO UNIFORME | |
| Título uniforme | Total quality control. |
| Lenguaje de la obra | Español |
| 245 10 - MENCIÓN DE TÍTULO | |
| Título | Control total de la calidad / |
| Mención de responsabilidad, etc. | Armand V. Feigenbaum ; traductora Ma. Ascención G. de la Campa Pérez Sevilla |
| 250 ## - MENCIÓN DE EDICIÓN | |
| Mención de edición | 3a edición revisión |
| 300 ## - DESCRIPCIÓN FÍSICA | |
| Extensión | xxxiii, 922 páginas : |
| Otras características físicas | ilustraciones, gráficas, diagramas, tablas, fotos |
| 500 ## - NOTA GENERAL | |
| Nota general | Edición del cuadragésimo aniversario |
| 504 ## - NOTA DE BIBLIOGRAFÍA, ETC. | |
| Nota de bibliografía, etc. | Incluye bibliografías |
| 505 0# - NOTA DE CONTENIDO CON FORMATO | |
| Nota de contenido con formato | Prólogo --<br/>PARTE 1: ADMINISTRACIÓN DE LA CALIDAD EN LOS NEGOCIOS --<br/>1. La calidad de los productos y servicios y el control total de la calidad --<br/>2. El comprador, el productor y las nuevas demandas de calidad en el mercado --<br/>3. Productividad, tecnología y la internacionalización de la calidad --<br/>4. ¿Cuáles son los factores que controlan la calidad y cuáles son las tareas del control de calidad? --<br/>PARTE 2: EL SISTEMA DE CALIDAD TOTAL --<br/>5. El enfoque de sistemas a la calidad --<br/>6. Establecimiento del sistema de calidad --<br/>7. Costos de calidad: fundamentos de la economía de los sistemas de calidad --<br/>PARTE 3: ESTRATEGIAS ADMINISTRATIVAS PARA LA CALIDAD --<br/>8. Organización para la calidad --<br/>9. Logro de un compromiso total con la calidad --<br/>PARTE 4: TECNOLOGÍA DE LA INGENIERÍA DE LA CALIDAD --<br/>10. Tecnología de la ingeniería de la calidad --<br/>11. Tecnología de la ingeniería para el control del proceso --<br/>12. Tecnología de ingeniería del equipo de información de calidad --<br/>PARTE 5: TECNOLOGÍA ESTADÍSTICA DE LA CALIDAD --<br/>13. Distribucionesw de frecuencias --<br/>14. Gráficas de control --<br/>15. Tablas de muestreo --<br/>16. Métodos especiales --<br/>17. Confiabilidad del producto --<br/>PARTE 6: APLICACIONES DEL CONTROL TOTAL DE LA CALIDAD EN LA COMPAÑÍA --<br/>18. Control de nuevos diseños --<br/>19. Control de material adquirido --<br/>20. Control del producto -- <br/>21. Estudios especiales del proceso --<br/>PARTE 7: EL IMPERATIVO DE LA CALIDAD TOTAL EN LOS 90 --<br/>22. El imperativo de la calidad total --<br/>23. Diez puntos de referencia del control total de la calidad para la decada de 1990 --<br/>24. Cuatro puntos esenciales en la dirección de la calidad total --<br/>Los principios del control total de la calidad: un resumen --<br/>Índice<br/>13. Distribuciones de frecuencias -- |
| 520 2# - SUMARIO, ETC. | |
| Sumario, etc. | EL Dr. Armand V. Feigenbaum es el fundador de la teoría del Control Total de la Calidad, un enfoque para administrar el éxito de los negocios, la cual ha influenciado profundamente la competencia en los mercados nacionales e internacionales en los Estados Unidos de América, Japón y alrededor del mundo. Es presidente de la General Systems Company, Inc., empresa que diseña e instala sistemas operacionales integrados para empresas internacionales; también es presidente fundador de la International Academy for Quality, además fue presidente de la American Society for Quality Control. Al tomar sus decisiones de compra, ocho de cada diez consumidores y compradores industriales estiman que la calidad es tan importante o más que el precio. Hace cuarenta años, el libro Control Total de la Calidad pronosticó el papel relevante que iban a desempeñar los aspectos de calidad en la satisfacción del cliente y, como consecuencia, en la obtención del éxito. El libro se ha convertido en un clásico y con cada nueva edición continúa causando un impacto significativo sobre la forma de administrar cualquier tipo de organización en todo el mundo. Ahora, en conmemoración del cuadragésimo aniversario de la publicación de la obra, se ha revisado la tercera edición para mostrar a una nueva generación de lectores cómo hacer de la calidad total la clave de su éxito competitivo en este fin de siglo. |
| 650 13 - PUNTO DE ACCESO ADICIONAL DE MATERIA--TÉRMINO DE MATERIA | |
| Término de materia o nombre geográfico como elemento de entrada | Control de calidad |
| 9 (RLIN) | 147085 |
| Fuente del encabezamiento o término | atg |
| 650 13 - PUNTO DE ACCESO ADICIONAL DE MATERIA--TÉRMINO DE MATERIA | |
| Término de materia o nombre geográfico como elemento de entrada | Quality control |
| 9 (RLIN) | 147087 |
| Fuente del encabezamiento o término | atg |
| 700 1# - PUNTO DE ACCESO ADICIONAL--NOMBRE DE PERSONA | |
| Nombre de persona | Campa Pérez Sevilla, Ma. Ascención G de la |
| 9 (RLIN) | 157414 |
| Término indicativo de función/relación | traductora |
| 901 ## - ELEMENTOS DE DATOS A LOCAL LDA (RLIN) | |
| a | 664.07 F45 2007 |
| 902 ## - ELEMENTOS DE DATOS B LOCAL, LDB (RLIN) | |
| a | M |
| 905 ## - ELEMENTOS DE DATOS E LOCAL, LDE (RLIN) | |
| a | 5232272007 mx aimn8222223322spa16 |
| 942 ## - ELEMENTOS DE PUNTO DE ACCESO ADICIONAL (KOHA) | |
| Tipo de ítem Koha | Libro |
| Fuente del sistema de clasificación o colocación | Dewey Decimal Classification |
| Estado de retiro | Estado de pérdida | Fuente del sistema de clasificación o colocación | Estado dañado | Restricciones de uso | No para préstamo | Código de colección | Localización permanente | Ubicación/localización actual | Fuente de adquisición | Número de inventario | Total de préstamos | Renovaciones totales | Signatura topográfica completa | Código de barras | Fecha visto por última vez | Fecha del último préstamo | Número de copia | Tipo de ítem Koha |
|---|---|---|---|---|---|---|---|---|---|---|---|---|---|---|---|---|---|---|
| Dewey Decimal Classification | Préstamo 5 días | General | Ingenieria Agroindustrial | Ingenieria Agroindustrial | Compra | C/e | 8 | 7 | 664.07 F45 2007 | 1102007065 | 20/02/2026 | 13/02/2026 | Ej. 3 | Libro | ||||
| Dewey Decimal Classification | Préstamo interno | General | Ingenieria Agroindustrial | Ingenieria Agroindustrial | Compra | C/e | 1 | 664.07 F45 2007 | 1102007063 | 29/05/2023 | 29/05/2023 | Ej. 1 | Libro | |||||
| Dewey Decimal Classification | Préstamo 5 días | General | Ingenieria Agroindustrial | Ingenieria Agroindustrial | Compra | C/e | 7 | 6 | 664.07 F45 2007 | 1102007064 | 18/02/2026 | 11/02/2026 | Ej. 2 | Libro |
